Statystyki dla 15 krajów o największej liczbie zgonów Covid19 - 27 października 2021

Kliknij tutaj aby rozwiązać quiz!

Ogólne statystyki

  • Ten quiz został rozwiązany 18 razy
  • Średni wynik to 11 z 25

Statystyki odpowiedzi

kraj% Poprawnych
Stany Zjednoczone
94%
Włochy
89%
Indie
83%
Niemcy
83%
Rosja
83%
Brazylia
78%
Francja
78%
Meksyk
78%
Wielka Brytania
72%
Argentyna
61%
Republika
Południowej Afryki
50%
Kolumbia
39%
Peru
33%
Indonezja
28%
Iran
28%
Czechy
22%
Słowacja
22%
Węgry
22%
Paragwaj
11%
Rumunia
11%
Słowenia
11%
Bośnia i Hercegowina
6%
Bułgaria
6%
Gruzja
6%
Macedonia Północna
6%

Rozkład punktacji

Percentyl według liczby udzielonych odpowiedzi

Procent ludzi z każdym wynikiem

Twoja historia wyników

Nie rozwiązałeś tego quizu